| 000 | 01099nam a22003012 4500 | ||
|---|---|---|---|
| 001 | 0000011843 | ||
| 005 | 20151217152101.0 | ||
| 008 | 090113s xx 000 0 eng d | ||
| 040 |
_aKABU _cKABU |
||
| 100 | 1 |
_aOlsen, Larry K. _@0000167881 |
|
| 245 | 1 | 0 |
_aBeing healthy / _cLarry K. Olsen, Richard W. St. Pierre, Jan M. Ozlas. |
| 250 | _a1st ed. | ||
| 260 |
_aOrlando : _bHBJ, _c1990. |
||
| 300 | _av. | ||
| 500 | _aLibrary has vols. 4, 5. | ||
| 650 | 0 |
_aHealth. _@0000036860 |
|
| 650 | 0 |
_aHolistic medicine. _@0000167882 |
|
| 700 | 1 |
_aPierre, Richard W. St. _@0000167883 |
|
| 700 | 1 |
_aOzlas, Jan M. _@0000167884 |
|
| 852 | 1 | _9p500 KES | |
| 852 | 1 | _9p500 KES | |
| 852 | 1 | _9p500 KES | |
| 852 | 1 | _9p500 KES | |
| 852 | 1 | _9p500 KES | |
| 852 | 1 | _9p500 KES | |
| 908 | _a090113 | ||
| 950 | _@1 | ||
| 999 |
_c8058 _d8058 |
||